[Event "Prague op 22nd"]
[Site "Prague"]
[Date "2024.01.06"]
[Round "3"]
[White "Rajnys, Vladimir"]
[Black "Morchiashvili, Bachana"]
[Result "0-1"]
[WhiteElo "2049"]
[BlackElo "2295"]
[PlyCount "108"]
[EventDate "2024.01.05"]
[EventType "swiss"]
[EventRounds "9"]
[EventCountry "CZE"]
[SourceTitle "CB03_2024"]
[SourceDate "2024.01.17"]
[SourceVersion "1"]
[SourceVersionDate "2024.01.17"]
[SourceQuality "1"]

1. e4 c5 2. Nc3 Nc6 3. g3 g6 4. Bg2 Bg7 5. d3 e6 6. Be3 d6 7. Qd2 Nge7 8. Bh6 Bxh6 9. Qxh6 Nd4 10. Qd2 Qa5 11. Nge2 0-0 12. 0-0 e5 13. f3 Be6 14. Nc1 Rad8 15. Nb3 Qb6 16. Rf2 d5 17. Na4 Nxb3 18. axb3 Qc7 19. Nc3 d4 20. Ne2 b6 21. f4 f6 22. h3 Kg7 23. g4 Nc6 24. f5 Bf7 25. fxg6 Bxg6 26. Ng3 Kh8 27. Raf1 Qg7 28. g5 fxg5 29. Qxg5 Rxf2 30. Rxf2 Rf8 31. Rxf8+ Qxf8 32. Nf5 Nb4 33. Nh4 Qf4 34. Qd8+ Kg7 35. Qe7+ Kh6 36. Nf3 Nxc2 37. Qxe5 Qxe5 38. Nxe5 Na1 39. b4 cxb4 40. Nc6 a5 41. Nxd4 a4 42. Kf2 b3 43. Nb5 Be8 44. Na3 Nc2 45. Nb1 b5 46. e5 Kg5 47. Be4 h6 48. Ke2 b4 49. Bd5 Bd7 50. e6 Nd4+ 51. Ke3 Nxe6 52. Bf3 h5 53. d4 Nc7 54. d5 Nb5 0-1

[Event "Benidorm op-A"]
[Site "Benidorm"]
[Date "2023.11.04"]
[Round "8"]
[White "Morchiashvili, Bachana"]
[Black "Cappelletto, Joshuaede"]
[Result "1-0"]
[WhiteElo "2308"]
[BlackElo "2329"]
[PlyCount "75"]
[EventDate "2023.10.29"]
[EventType "swiss"]
[EventRounds "9"]
[EventCountry "ESP"]
[SourceTitle "Mega2024 Update 01"]
[Source "Chessbase"]
[SourceDate "2023.11.12"]
[SourceVersion "1"]
[SourceVersionDate "2023.11.12"]
[SourceQuality "1"]

1. d4 Nf6 2. Nf3 g6 3. c4 Bg7 4. Nc3 d5 5. Bg5 Ne4 6. Bh4 Nxc3 7. bxc3 dxc4 8. e3 Be6 9. Qb1 b6 10. Ng5 Bd5 11. e4 h6 12. Nh3 Bb7 13. Bxc4 0-0 14. e5 Nc6 15. 0-0 Na5 16. Be2 c5 17. Rd1 Qc7 18. Bg3 e6 19. Nf4 Rad8 20. Qb2 Rd7 21. Bb5 Bc6 22. d5 Rxd5 23. Nxd5 Bxd5 24. Qe2 c4 25. Ba4 Nb7 26. Bc2 Nc5 27. Re1 Qc6 28. f3 h5 29. Rad1 Rc8 30. Bf2 Nd7 31. Bd4 b5 32. Be4 Re8 33. f4 a5 34. a3 Bf8 35. Bxd5 exd5 36. f5 Nc5 37. e6 fxe6 38. Qe5 1-0

[Event "Benidorm op-A"]
[Site "Benidorm"]
[Date "2023.11.02"]
[Round "6"]
[White "Morchiashvili, Bachana"]
[Black "Arkell, Keith C"]
[Result "1-0"]
[WhiteElo "2308"]
[BlackElo "2355"]
[PlyCount "91"]
[EventDate "2023.10.29"]
[EventType "swiss"]
[EventRounds "9"]
[EventCountry "ESP"]
[SourceTitle "Mega2024 Update 01"]
[Source "Chessbase"]
[SourceDate "2023.11.12"]
[SourceVersion "1"]
[SourceVersionDate "2023.11.12"]
[SourceQuality "1"]

1. d4 e6 2. Nf3 Nf6 3. e3 c5 4. c4 cxd4 5. exd4 Bb4+ 6. Nc3 0-0 7. Bd3 b6 8. 0-0 Bb7 9. Re1 Na6 10. Bg5 Be7 11. Rc1 Nc7 12. Bb1 a6 13. d5 Nce8 14. Qd3 g6 15. Bh6 Nh5 16. Bxf8 Bxf8 17. Rcd1 Nd6 18. Ne4 exd5 19. Nxd6 Bxd6 20. cxd5 Nf4 21. Qd2 f5 22. Bc2 a5 23. Bb3 Ba6 24. a3 Nd3 25. Re3 Nc5 26. Ba2 Ne4 27. Qd4 Rc8 28. Nd2 Nf6 29. Rde1 Kg7 30. Rc3 Bc5 31. Qe5 Qf8 32. Rcc1 Re8 33. Qc3 Rc8 34. Qe5 Re8 35. Qc3 Rc8 36. Bc4 Bxc4 37. Nxc4 Kg8 38. Qb3 Ng4 39. Ne3 Nxe3 40. d6+ Kg7 41. Qc3+ Kg8 42. Qb3+ Kg7 43. Qc3+ Kg8 44. fxe3 f4 45. Kh1 fxe3 46. b4 1-0

[Event "Vienna Ottakring 100 Years"]
[Site "Vienna"]
[Date "2023.09.02"]
[Round "8"]
[White "Meskovs, Nikita"]
[Black "Morchiashvili, Bachana"]
[Result "1-0"]
[WhiteElo "2544"]
[BlackElo "2293"]
[PlyCount "119"]
[EventDate "2023.08.26"]
[EventType "swiss"]
[EventRounds "9"]
[EventCountry "AUT"]
[SourceTitle "EXT 2024"]
[Source "ChessBase"]
[SourceDate "2023.10.10"]
[SourceVersion "1"]
[SourceVersionDate "2023.10.10"]
[SourceQuality "1"]

1. c4 Nf6 2. Nf3 g6 3. Nc3 Bg7 4. e4 d6 5. d4 0-0 6. h3 e5 7. d5 a5 8. g4 Na6 9. Be3 Nd7 10. a3 Rb8 11. Rg1 Kh8 12. Nd2 f5 13. gxf5 gxf5 14. exf5 Nf6 15. Nde4 Nxe4 16. Nxe4 Bxf5 17. Ng3 Bg6 18. Bd3 Qh4 19. Bxg6 hxg6 20. Qd3 Bh6 21. Qe4 Bf4 22. Ne2 g5 23. Rg4 Qh7 24. Qxh7+ Kxh7 25. Bxf4 gxf4 26. Nc3 Nc5 27. Ke2 Rf7 28. Rag1 Kh8 29. b4 axb4 30. axb4 Nb3 31. Ne4 Nd4+ 32. Kd3 Nf3 33. Ra1 Rh7 34. h4 Rg7 35. Rxg7 Kxg7 36. c5 Nxh4 37. Rg1+ Ng6 38. cxd6 cxd6 39. Nxd6 Rd8 40. Nxb7 Rxd5+ 41. Ke4 Rb5 42. Nd6 Rb6 43. Nc8 Rb5 44. Ne7 Kf6 45. Nd5+ Kf7 46. Rc1 Rb7 47. Rh1 Kg7 48. Rb1 Kf7 49. b5 Ke6 50. b6 Nh8 51. Rg1 Kd6 52. Rd1 Ke6 53. Nc7+ Kf7 54. Rd7+ Kg6 55. Rd6+ Kh5 56. Nd5 Nf7 57. Rd7 Rxd7 58. Nf6+ Kh4 59. Nxd7 Nd6+ 60. Kxe5 1-0

[Event "Kavala op 32nd"]
[Site "Kavala"]
[Date "2023.07.30"]
[Round "4"]
[White "Morchiashvili, Bachana"]
[Black "Raja, Rithvik R"]
[Result "1/2-1/2"]
[WhiteElo "2293"]
[BlackElo "2502"]
[PlyCount "74"]
[EventDate "2023.07.28"]
[EventType "swiss"]
[EventRounds "9"]
[EventCountry "GRE"]
[SourceTitle "CBM 215 Extra"]
[Source "ChessBase"]
[SourceDate "2023.09.30"]
[SourceVersion "1"]
[SourceVersionDate "2023.09.30"]
[SourceQuality "1"]

1. d4 Nf6 2. c4 e6 3. g3 d5 4. Nf3 dxc4 5. Bg2 c6 6. Ne5 Bb4+ 7. Nc3 Nd5 8. 0-0 Nxc3 9. bxc3 Bxc3 10. Nxc4 Bb4 11. Qb3 Be7 12. Rd1 0-0 13. a4 b6 14. Bf4 Bb7 15. a5 b5 16. a6 Nxa6 17. Na5 Qb6 18. Be3 Qc7 19. Bf4 Qd7 20. e4 Rad8 21. d5 cxd5 22. Nxb7 Qxb7 23. exd5 exd5 24. Bxd5 Qb6 25. Be3 Qf6 26. Bxa7 Bc5 27. Rxa6 Qxf2+ 28. Kh1 Bxa7 29. Qxb5 Rfe8 30. Raa1 Kh8 31. Rf1 Qd4 32. Rad1 Qg4 33. Rde1 Rxe1 34. Rxe1 Qc8 35. Qc6 Qxc6 36. Bxc6 Kg8 37. Re8+ Rxe8 1/2-1/2

[Event "Kavala op 32nd"]
[Site "Kavala"]
[Date "2023.07.29"]
[Round "3"]
[White "Mohr, Georg"]
[Black "Morchiashvili, Bachana"]
[Result "1-0"]
[WhiteElo "2419"]
[BlackElo "2293"]
[PlyCount "111"]
[EventDate "2023.07.28"]
[EventType "swiss"]
[EventRounds "9"]
[EventCountry "GRE"]
[SourceTitle "CBM 215 Extra"]
[Source "ChessBase"]
[SourceDate "2023.09.30"]
[SourceVersion "1"]
[SourceVersionDate "2023.09.30"]
[SourceQuality "1"]

1. Nf3 Nf6 2. g3 g6 3. b3 Bg7 4. Bb2 0-0 5. Bg2 d6 6. d4 a5 7. c4 a4 8. 0-0 c5 9. Nbd2 axb3 10. axb3 Rxa1 11. Qxa1 Nc6 12. dxc5 dxc5 13. Ne4 Qb6 14. Nxf6+ Bxf6 15. Bxf6 exf6 16. Qxf6 Qxb3 17. Qh4 Kg7 18. e3 f6 19. Qf4 Qb6 20. Nd2 Ne5 21. Bd5 Qd8 22. e4 Re8 23. Qe3 Qd6 24. Rb1 Re7 25. Rb5 b6 26. Qb3 Nd7 27. Qb2 Qc7 28. f4 Ba6 29. Rb3 Bb7 30. Kg2 Bc6 31. Re3 Nf8 32. Nf3 Ne6 33. Kf2 Ba4 34. Ra3 Bd1 35. Ra6 Bxf3 36. Kxf3 Nd4+ 37. Kg2 f5 38. e5 b5 39. cxb5 Qd7 40. Bc6 Nxc6 41. bxc6 Qd5+ 42. Kh3 Kh6 43. Qe2 Kg7 44. Rb6 Kf7 45. Qb5 g5 46. fxg5 Qe4 47. Rb7 Qg4+ 48. Kg2 Qe4+ 49. Kf2 Qd4+ 50. Kf1 c4 51. Rxe7+ Kxe7 52. Qb4+ Ke6 53. Qd6+ Qxd6 54. exd6 Kxd6 55. h4 Kxc6 56. h5 1-0

[Event "Cesme op-A 9th"]
[Site "Cesme"]
[Date "2023.06.23"]
[Round "7"]
[White "Morchiashvili, Bachana"]
[Black "Petriashvili, Nikoloz"]
[Result "1/2-1/2"]
[WhiteElo "2264"]
[BlackElo "2446"]
[PlyCount "46"]
[EventDate "2023.06.19"]
[EventType "swiss"]
[EventRounds "9"]
[EventCountry "TUR"]
[SourceTitle "CBM 214 Extra"]
[Source "ChessBase"]
[SourceDate "2023.07.31"]
[SourceVersion "1"]
[SourceVersionDate "2023.07.31"]
[SourceQuality "1"]

1. d4 d5 2. Nf3 Nf6 3. c4 e6 4. e3 Be7 5. Nc3 0-0 6. Bd3 dxc4 7. Bxc4 c5 8. dxc5 Qxd1+ 9. Kxd1 Bxc5 10. Ke2 a6 11. b3 b5 12. Bd3 Bb7 13. Bb2 Nbd7 14. Rac1 Rfc8 15. Rhd1 Be7 16. Kf1 Nc5 17. Bb1 b4 18. Ne2 a5 19. Ned4 a4 20. Ne5 Bd5 21. Bc2 axb3 22. Bxb3 Nxb3 23. axb3 Bc5 1/2-1/2

[Event "Yerevan Margaryan Memorial IM"]
[Site "Yerevan"]
[Date "2023.01.13"]
[Round "7"]
[White "Morchiashvili, Bachana"]
[Black "Agasarov, Benik"]
[Result "1-0"]
[WhiteElo "2253"]
[BlackElo "2249"]
[PlyCount "79"]
[EventDate "2023.01.08"]
[EventType "tourn"]
[EventRounds "9"]
[EventCountry "ARM"]
[EventCategory "2"]
[SourceTitle "CBM 212 Extra"]
[Source "ChessBase"]
[SourceDate "2023.03.31"]
[SourceVersion "1"]
[SourceVersionDate "2023.03.31"]
[SourceQuality "1"]

1. d4 Nf6 2. Nf3 d5 3. c4 e6 4. Nc3 Bb4 5. cxd5 exd5 6. Bg5 h6 7. Bh4 0-0 8. e3 Bf5 9. Qb3 Bxc3+ 10. bxc3 Nbd7 11. Be2 c5 12. Bxf6 Nxf6 13. dxc5 Qc7 14. Nd4 Bd7 15. 0-0 a5 16. c4 Qxc5 17. cxd5 a4 18. Qc4 Qxc4 19. Bxc4 Rfc8 20. Rfc1 Ra5 21. Be2 Rxc1+ 22. Rxc1 Nxd5 23. a3 g6 24. Bf3 Kg7 25. h3 Kf6 26. Rb1 Bc6 27. Nxc6 bxc6 28. Rc1 Ra6 29. Be2 Rb6 30. Bd1 Ra6 31. Rc4 Ke7 32. Rxa4 Rxa4 33. Bxa4 Kd6 34. Bb3 f5 35. Kf1 Nc3 36. Ke1 c5 37. f3 Ke5 38. a4 c4 39. Kd2 Nb1+ 40. Kc2 1-0

[Event "Yerevan Margaryan Memorial IM"]
[Site "Yerevan"]
[Date "2023.01.09"]
[Round "2"]
[White "Davtyan, Arsen"]
[Black "Morchiashvili, Bachana"]
[Result "1-0"]
[WhiteElo "2293"]
[BlackElo "2253"]
[PlyCount "111"]
[EventDate "2023.01.08"]
[EventType "tourn"]
[EventRounds "9"]
[EventCountry "ARM"]
[EventCategory "2"]
[SourceTitle "CBM 212 Extra"]
[Source "ChessBase"]
[SourceDate "2023.03.31"]
[SourceVersion "1"]
[SourceVersionDate "2023.03.31"]
[SourceQuality "1"]

1. d4 Nf6 2. c4 g6 3. Nc3 Bg7 4. e4 d6 5. Be2 0-0 6. Be3 Nbd7 7. Qc2 c5 8. d5 a6 9. a4 e5 10. dxe6 fxe6 11. Rd1 Qb6 12. f4 e5 13. f5 gxf5 14. exf5 e4 15. Nh3 Ne5 16. 0-0 Nfg4 17. Bxg4 Nxg4 18. Qxe4 Nxe3 19. Qxe3 Qxb2 20. f6 Bxh3 21. Rf2 Qxf2+ 22. Qxf2 Rxf6 23. Qg3 Be6 24. Ne4 Rg6 25. Qxd6 Bd4+ 26. Rxd4 cxd4 27. Qxd4 Rf8 28. h4 Bh3 29. Ng5 Bxg2 30. Qd7 Rxg5 31. hxg5 Bc6 32. Qe6+ Kg7 33. a5 Rf7 34. Kh2 Rf3 35. Qd6 Kf7 36. Qh6 Kg8 37. Qh4 Kg7 38. Qh5 Kg8 39. Qh6 Rf2+ 40. Kg3 Rf3+ 41. Kg4 Rf7 42. Qd6 Kg7 43. Qd4+ Kg6 44. Qh8 Bd7+ 45. Kh4 Rf4+ 46. Kg3 Rf7 47. Qg8+ Rg7 48. Qf8 Rf7 49. Qh6+ Kf5 50. Qh5 Ke6 51. g6 Rg7 52. Qd5+ Kf6 53. Kf4 hxg6 54. Qd4+ Kf7 55. Qxd7+ Kg8 56. Qd6 1-0

[Event "Poti op 15th"]
[Site "Poti"]
[Date "2022.07.17"]
[Round "2"]
[White "Morchiashvili, Bachana"]
[Black "Alikhanyan, Artak"]
[Result "1-0"]
[WhiteElo "2305"]
[BlackElo "1870"]
[PlyCount "119"]
[EventDate "2022.07.16"]
[EventType "swiss"]
[EventRounds "9"]
[EventCountry "GEO"]
[SourceTitle "CBM 209 Extra"]
[Source "ChessBase"]
[SourceDate "2022.09.30"]
[SourceVersion "1"]
[SourceVersionDate "2022.09.30"]
[SourceQuality "1"]

1. d4 d5 2. Nf3 Nf6 3. c4 c6 4. Nc3 dxc4 5. a4 Bf5 6. Ne5 e6 7. f3 Bb4 8. e4 Bxe4 9. Nxf7 Kxf7 10. fxe4 Nxe4 11. Qh5+ g6 12. Qf3+ Nf6 13. Be2 Qxd4 14. Bd2 Nbd7 15. Rf1 Rhf8 16. 0-0-0 Kg8 17. Bh6 Qe5 18. Bxf8 Rxf8 19. Bxc4 Nd5 20. Qg3 Rxf1 21. Rxf1 Bxc3 22. bxc3 Qxg3 23. hxg3 Nc5 24. Bxd5 cxd5 25. a5 Nb3+ 26. Kc2 Nxa5 27. Rf6 e5 28. Rd6 Nc4 29. Rd7 d4 30. cxd4 exd4 31. Rxb7 Nd6 32. Rxa7 Nf7 33. Kd3 Kg7 34. Kxd4 Kf6 35. Ke4 h5 36. Kf4 g5+ 37. Ke4 Nd6+ 38. Kd5 Ne8 39. Ke4 Nd6+ 40. Kf3 Nf7 41. Ra5 Kg6 42. Rd5 Kf6 43. Ke4 Ke6 44. Rd1 h4 45. gxh4 gxh4 46. Kf4 h3 47. g4 Kf6 48. Ra1 Kg6 49. Kg3 Ng5 50. Kh4 h2 51. Kg3 Ne4+ 52. Kxh2 Kg5 53. Ra4 Nf6 54. Kg3 Kg6 55. Ra6 Kg5 56. Ra5+ Kg6 57. Kf4 Nd7 58. Ra6+ Kf7 59. Ra7 Ke6 60. Rxd7 1-0

[Event "Yerevan Yeghiazaryan Memorial"]
[Site "Yerevan"]
[Date "2022.07.07"]
[Round "7"]
[White "Atakhan, Abtin"]
[Black "Morchiashvili, Bachana"]
[Result "1-0"]
[WhiteElo "2344"]
[BlackElo "2305"]
[PlyCount "71"]
[EventDate "2022.07.01"]
[EventType "tourn"]
[EventRounds "9"]
[EventCountry "ARM"]
[EventCategory "4"]
[SourceTitle "CBM 209 Extra"]
[Source "ChessBase"]
[SourceDate "2022.09.30"]
[SourceVersion "1"]
[SourceVersionDate "2022.09.30"]
[SourceQuality "1"]

1. d4 Nf6 2. c4 g6 3. Nc3 Bg7 4. e4 d6 5. Be2 0-0 6. Be3 c5 7. d5 e6 8. Nf3 exd5 9. cxd5 Bg4 10. Nd2 Bxe2 11. Qxe2 Na6 12. 0-0 Nc7 13. a4 Re8 14. Kh1 a6 15. a5 Re7 16. Qd3 h6 17. Nc4 Nb5 18. e5 dxe5 19. Bxc5 Rd7 20. Nxe5 Nxc3 21. Bb6 Rxd5 22. Bxd8 Nfe4 23. Qf3 Rxe5 24. Bc7 Rf5 25. Qe3 Nxf2+ 26. Rxf2 Nd5 27. Qd2 Nxc7 28. Rxf5 gxf5 29. Qd7 Bxb2 30. Rb1 Be5 31. Rxb7 Rf8 32. Rxc7 Bxc7 33. Qxc7 Re8 34. g3 Re6 35. Qf4 Rf6 36. g4 1-0

[Event "Yerevan Yeghiazaryan Memorial"]
[Site "Yerevan"]
[Date "2022.07.04"]
[Round "4"]
[White "Morchiashvili, Bachana"]
[Black "Quparadze, Giga"]
[Result "1/2-1/2"]
[WhiteElo "2305"]
[BlackElo "2482"]
[PlyCount "32"]
[EventDate "2022.07.01"]
[EventType "tourn"]
[EventRounds "9"]
[EventCountry "ARM"]
[EventCategory "4"]
[SourceTitle "CBM 209 Extra"]
[Source "ChessBase"]
[SourceDate "2022.09.30"]
[SourceVersion "1"]
[SourceVersionDate "2022.09.30"]
[SourceQuality "1"]

1. d4 Nf6 2. c4 e6 3. g3 d5 4. Bg2 Bb4+ 5. Bd2 Be7 6. Nf3 0-0 7. 0-0 c6 8. Qc2 b6 9. Rd1 Bb7 10. Bf4 Nbd7 11. Nbd2 Nh5 12. Be3 Nhf6 13. Bf4 Nh5 14. Be3 Nhf6 15. Bf4 Nh5 16. Be3 Nhf6 1/2-1/2

[Event "Yerevan Yeghiazaryan Memorial"]
[Site "Yerevan"]
[Date "2022.07.02"]
[Round "2"]
[White "Morchiashvili, Bachana"]
[Black "Hayrapetyan, Hovik"]
[Result "0-1"]
[WhiteElo "2305"]
[BlackElo "2481"]
[PlyCount "96"]
[EventDate "2022.07.01"]
[EventType "tourn"]
[EventRounds "9"]
[EventCountry "ARM"]
[EventCategory "4"]
[SourceTitle "CBM 209 Extra"]
[Source "ChessBase"]
[SourceDate "2022.09.30"]
[SourceVersion "1"]
[SourceVersionDate "2022.09.30"]
[SourceQuality "1"]

1. d4 Nf6 2. c4 e6 3. Nf3 d5 4. Nc3 Bb4 5. cxd5 exd5 6. Bg5 h6 7. Bh4 0-0 8. e3 Bf5 9. Bd3 Bxd3 10. Qxd3 Nbd7 11. 0-0 c6 12. Ne5 Qe8 13. Bxf6 Nxf6 14. Qc2 Bd6 15. Nd3 Qe7 16. g3 h5 17. Rfe1 Rae8 18. Qe2 g6 19. Rab1 a5 20. a3 Qe6 21. b4 axb4 22. axb4 b5 23. Rbc1 h4 24. Nb1 Qd7 25. Nd2 Kg7 26. Nf3 hxg3 27. hxg3 Ng4 28. Nh2 Nxh2 29. Kxh2 Rh8+ 30. Kg1 g5 31. Qf3 g4 32. Qg2 Rh6 33. Kf1 Reh8 34. Ke2 Rh2 35. Qg1 Qf5 36. Kd2 Qf3 37. Kc3 Rg2 38. Qf1 Rhh2 39. Kb3 Rxf2 40. Nxf2 Rxf2 41. Qd3 Bxg3 42. Rxc6 Rb2+ 43. Kxb2 Bxe1 44. Qxb5 g3 45. Rc8 Qf2+ 46. Kb1 Qf5+ 47. Rc2 g2 48. e4 Qxe4 0-1

[Event "Yerevan op-A 3rd"]
[Site "Yerevan"]
[Date "2021.10.17"]
[Round "4"]
[White "Morchiashvili, Bachana"]
[Black "Paichadze, Luka"]
[Result "1-0"]
[WhiteElo "2319"]
[BlackElo "2566"]
[PlyCount "111"]
[EventDate "2021.10.14"]
[EventType "swiss"]
[EventRounds "9"]
[EventCountry "ARM"]
[SourceTitle "CBM 204 Extra"]
[Source "ChessBase"]
[SourceDate "2021.11.30"]
[SourceVersion "1"]
[SourceVersionDate "2021.11.30"]
[SourceQuality "1"]

1. d4 Nf6 2. Nf3 e6 3. c4 c5 4. d5 exd5 5. cxd5 d6 6. Nc3 g6 7. h3 Bg7 8. e4 0-0 9. Bd3 Re8 10. 0-0 a6 11. a4 Nbd7 12. Bf4 c4 13. Bc2 Nc5 14. Nd2 Nh5 15. Be3 Nd3 16. Bxd3 cxd3 17. Qb1 Qh4 18. Nf3 Qe7 19. Qxd3 Bxc3 20. bxc3 Qxe4 21. Qxe4 Rxe4 22. Nd2 Re5 23. Nc4 Re7 24. Nxd6 Nf6 25. Bg5 Kg7 26. c4 h6 27. Rae1 Rxe1 28. Bxf6+ Kxf6 29. Rxe1 Bd7 30. a5 Rb8 31. c5 Ba4 32. f4 Bb3 33. c6 bxc6 34. dxc6 Be6 35. c7 Rf8 36. Rxe6+ Kxe6 37. c8Q+ Rxc8 38. Nxc8 Kd7 39. Nb6+ Kc6 40. Nc4 Kb5 41. Nd6+ Kxa5 42. Nxf7 Kb5 43. Nd6+ Kc5 44. Ne4+ Kd4 45. Nd2 Ke3 46. Nb3 Kxf4 47. Kf2 Ke5 48. Ke3 Kd5 49. Kd3 h5 50. g3 Ke5 51. Nd4 Kf6 52. Nc6 Ke6 53. Ke4 Kd6 54. Ne5 g5 55. Nf7+ Kc5 56. Kd3 1-0

[Event "Speed Chess GP2"]
[Site "Chess.com INT"]
[Date "2021.09.25"]
[Round "3"]
[White "Morchiashvili, Bachana"]
[Black "Kucuksari, Kaan"]
[Result "1-0"]
[WhiteElo "2319"]
[BlackElo "2369"]
[PlyCount "43"]
[EventDate "2021.09.25"]
[EventType "swiss (blitz)"]
[EventRounds "10"]
[EventCountry "USA"]
[SourceTitle "CBM 204 Extra"]
[Source "ChessBase"]
[SourceDate "2021.11.30"]
[SourceVersion "1"]
[SourceVersionDate "2021.11.30"]
[SourceQuality "1"]

1. d4 Nf6 2. Nf3 b6 3. e3 Bb7 4. Bd3 e6 5. 0-0 Be7 6. c4 0-0 7. Nc3 d5 8. cxd5 exd5 9. b3 Nbd7 10. Bb2 a6 11. Rc1 Bd6 12. Ne2 Ne4 13. Qc2 Qe7 14. Ng3 f5 15. Ne5 c5 16. Nxd7 Qxd7 17. dxc5 bxc5 18. Nh5 Rf7 19. Bxg7 Rxg7 20. Bxe4 Kh8 21. Bxf5 Qxf5 22. Qxf5 1-0

[Event "Titled Tuesday intern op 22nd June"]
[Site "Chess.com INT"]
[Date "2021.06.22"]
[Round "4"]
[White "Morchiashvili, Bachana"]
[Black "Chernomordik, Pavel"]
[Result "1-0"]
[WhiteElo "2319"]
[BlackElo "2193"]
[PlyCount "63"]
[EventDate "2021.06.22"]
[EventType "swiss (blitz)"]
[EventRounds "11"]
[EventCountry "USA"]
[SourceTitle "CBM 203 Extra"]
[Source "ChessBase"]
[SourceDate "2021.09.30"]
[SourceVersion "1"]
[SourceVersionDate "2021.09.30"]
[SourceQuality "1"]

1. d4 g6 2. Nf3 Bg7 3. c4 d6 4. Nc3 Nc6 5. d5 Ne5 6. Nxe5 Bxe5 7. e4 c6 8. Be2 Nf6 9. Bh6 Nd7 10. 0-0 Qb6 11. Qd2 Nc5 12. Kh1 Bd7 13. f4 Bxc3 14. Qxc3 0-0-0 15. Bf3 f5 16. e5 Ne4 17. Bxe4 fxe4 18. e6 Be8 19. Qxh8 cxd5 20. cxd5 Bb5 21. Rfc1+ Kb8 22. Qxh7 Re8 23. Qf7 Qd8 24. a4 Bd3 25. Rc3 Rh8 26. Bg7 Rh5 27. Rac1 b6 28. Bf8 e3 29. Bxe7 Rxh2+ 30. Kxh2 Qh8+ 31. Kg1 Qd4 32. Bxd6+ 1-0